عرض عادي
عرض مارك
- الصميدعي، محمود جاسم
مدخل إسم شخص
001 - رقم الضبط
- حقل الضبط: 20223
003 - معرف رقم الضبط
- حقل الضبط: OSt
005 - تاريخ ووقت أخر عملية
- حقل الضبط: 20130130161924.0
008 - عناصر بيانات ثابتة الطول
- حقل تحكم ثابت الطول: 130130|||a|||||| | ||| d
040 ## - مصدر الفهرسة
- هيئة الفهرسة الأصلية: OSt
- وكالة الكتابة: OSt
100 ## - مدخل -- أسم شخص
- إسم شخص: الصميدعي، محمود جاسم
670 ## - بيانات المصدر موجوده
- الاستشهاد بالمصدر: Work cat.: (OSt): الصميدعي، محمود جاسم , مداخل التسويق المتقدم /, 2012
